Housing and Human Settlements in a World of Change (Record no. 12129)
[ view plain ]
| 000 -LEADER | |
|---|---|
| fixed length control field | 00746nam a2200133Ia 4500 |
| 008 - FIXED-LENGTH DATA ELEMENTS--GENERAL INFORMATION | |
| fixed length control field | 220615s9999||||xx |||||||||||||| ||und|| |
| 100 ## - MAIN ENTRY--PERSONAL NAME | |
| Personal name | Ley, Astrid||Rahman, Md Ashiq Ur||Fokdal, Josefine |
| 245 #0 - TITLE STATEMENT | |
| Title | Housing and Human Settlements in a World of Change |
| 546 ## - LANGUAGE NOTE | |
| Language note | English[eng] |
| 650 ## - SUBJECT ADDED ENTRY--TOPICAL TERM | |
| Topical term or geographic name entry element | Housing||Migration||Neo-liberal Paradigm||Climate Change||Globalization||City||Space||Urban Studies||Urban Planning||Social Geography||Sociology |
| 700 ## - ADDED ENTRY--PERSONAL NAME | |
| Personal name | Ley, Astrid||Rahman, Md Ashiq Ur||Fokdal, Josefine |
| 856 ## - ELECTRONIC LOCATION AND ACCESS | |
| Uniform Resource Identifier | <a href="https://library.oapen.org/bitstream/20.500.12657/47124/1/ts4942_1.pdf||https://library.oapen.org/bitstream/20.500.12657/47124/4/ts4942_1.pdf||https://library.oapen.org/bitstream/20.500.12657/47124/4/ts4942_1.pdf">https://library.oapen.org/bitstream/20.500.12657/47124/1/ts4942_1.pdf||https://library.oapen.org/bitstream/20.500.12657/47124/4/ts4942_1.pdf||https://library.oapen.org/bitstream/20.500.12657/47124/4/ts4942_1.pdf</a> |
| 942 ## - ADDED ENTRY ELEMENTS (KOHA) | |
| Koha item type | E-Books |
| Withdrawn status | Lost status | Damaged status | Not for loan | Home library | Current library | Date acquired | Total Checkouts | Date last seen | Price effective from | Koha item type |
|---|---|---|---|---|---|---|---|---|---|---|
| Kerala University of Digital Sciences, Innovation and Technology Knowledge Centre | Kerala University of Digital Sciences, Innovation and Technology Knowledge Centre | 15/06/2022 | 15/06/2022 | 15/06/2022 | E-Books |